| Tag |
First Indicator |
Second Indicator |
Subfields |
| LEADER |
00000nam a2200000 i 4500 |
| 001 |
in00004573521 |
| 006 |
m o d f |
| 007 |
cr m|||||||||| |
| 008 |
160427s2011 vauab ob f000 0 eng c |
| 005 |
20220513182324.7 |
| 035 |
|
|
|a (OCoLC)ocn948029250
|
| 040 |
|
|
|a DMY
|b eng
|e rda
|e pn
|c DMY
|d OCLCO
|d OCLCF
|d GPO
|d MvI
|
| 042 |
|
|
|a pcc
|
| 043 |
|
|
|a n-us-mt
|a n-cn-bc
|
| 049 |
|
|
|a WWW
|
| 074 |
|
|
|a 0624-B-02 (online)
|
| 086 |
0 |
|
|a I 19.42/4-4:2011-5095
|
| 100 |
1 |
|
|a Chase, Katherine J.,
|e author.
|
| 245 |
1 |
0 |
|a Development of a precipitation-runoff model to simulate unregulated streamflow in the south fork, Flathead River Basin, Montana /
|c Katherine J. Chase; prepared in cooperation with the Bureau of Reclamation.
|
| 264 |
|
1 |
|a Reston, Virginia :
|b U.S. Geological Survey,
|c 2011
|
| 300 |
|
|
|a 1 online resource (vii, 38 pages) :
|b illustrations (some color), color maps.
|
| 336 |
|
|
|a text
|b txt
|2 rdacontent
|
| 337 |
|
|
|a computer
|b c
|2 rdamedia
|
| 338 |
|
|
|a online resource
|b cr
|2 rdacarrier
|
| 490 |
1 |
|
|a Scientific investigations report; ;
|v 2011-5095
|
| 504 |
|
|
|a Includes bibliographical references (pages 37-38).
|
| 500 |
|
|
|a GPO Cataloging Record Distribution Program (CRDP).
|
| 588 |
|
|
|a Description based on online resource; title from PDF title page (USGS, viewed Dec. 7, 2021).
|
| 650 |
|
0 |
|a Streamflow
|z Montana.
|
| 650 |
|
0 |
|a Streamflow
|z Flathead River Watershed (B.C. and Mont.)
|x Computer simulation.
|
| 650 |
|
0 |
|a Runoff
|z Flathead River Watershed (B.C. and Mont.)
|x Mathematical models.
|
| 650 |
|
0 |
|a Precipitation (Meteorology)
|z Flathead River Watershed (B.C. and Mont.)
|x Mathematical models.
|
| 650 |
|
7 |
|a Streamflow.
|2 fast
|0 (OCoLC)fst01134618
|
| 651 |
|
7 |
|a Montana.
|2 fast
|0 (OCoLC)fst01207555
|
| 650 |
|
7 |
|a Precipitation (Meteorology)
|2 trt
|
| 710 |
2 |
|
|a Geological Survey (U.S.),
|e issuing body.
|
| 710 |
1 |
|
|a United States.
|b Bureau of Reclamation.
|
| 830 |
|
0 |
|a Scientific investigations report ;
|v 2011-5095.
|
| 856 |
4 |
0 |
|u https://purl.fdlp.gov/GPO/gpo172428
|t 0
|
| 999 |
f |
f |
|s 50969057-1121-4d64-8416-b1592afea836
|i 50969057-1121-4d64-8416-b1592afea836
|t 0
|
| 952 |
f |
f |
|a Texas A&M University
|b College Station
|c Electronic Resources
|d Available Online
|t 0
|e I 19.42/4-4:2011-5095
|h Superintendent of Documents classification
|
| 998 |
f |
f |
|a I 19.42/4-4:2011-5095
|t 0
|l Available Online
|